Normale Ansicht
MARC-Ansicht
Eintrag Kongressname
001 - Kontrollnummer
- Kontrollfeld: 58590
003 - Kontrollnummer Identifier
- Kontrollfeld: RU-10907106
005 - Datum und Zeit der letzten Transaktion
- Kontrollfeld: 20231205173333.0
008 - Datenelemente mit fester Länge
- Kontrollfeld mit fester Länge: 231205|| aca||aabn | a|a d
040 ## - Katalogisierungsquelle
- Original-Katalogisierungsstelle: RU-10907106
- Übertragungsstelle: RU-10907106
111 ## - Ansetzung - Kongressname
- Kongress- oder Gebietskörperschaftsname als Eintragungselement: Lichudovskie čtenija
- Ort des Kongresses: Nowgorod
670 ## - Datenquelle
- Quellenangabe: Work cat.: (RU-10907106)69902: Lichudovskie čtenija Nowgorod, Lichudovskie čtenija